[Event "Aslo ASKO CC-ch Group-A"]
[Site "Oslo"]
[Date "2009.05.05"]
[Round "7"]
[White "Hjelle, Oyvind"]
[Black "Briseid, Hakon"]
[Result "1-0"]
[WhiteElo "1412"]
[BlackElo "1897"]
[PlyCount "101"]
[EventDate "2009.02.10"]
[EventType "tourn"]
[EventRounds "9"]
[EventCountry "NOR"]
[SourceTitle "EXT 2011"]
[Source "ChessBase"]
[SourceDate "2010.11.26"]
[SourceVersion "1"]
[SourceVersionDate "2010.11.26"]
[SourceQuality "1"]

1. d4 Nf6 2. c4 c5 3. d5 b5 4. Nf3 g6 5. cxb5 a6 6. b6 Qxb6 7. Nc3 Bg7 8. e4 d6 9. Nd2 0-0 10. Nc4 Qc7 11. Bd2 Nbd7 12. a4 Nb6 13. Ne3 e6 14. a5 Nbd7 15. Bc4 Ne5 16. Be2 exd5 17. Ncxd5 Nxd5 18. Nxd5 Qb7 19. Bc3 Be6 20. Nb6 Rad8 21. Qc2 f5 22. f4 Nc6 23. 0-0 Nd4 24. Bxd4 Bxd4+ 25. Kh1 fxe4 26. Rae1 Rf6 27. Bc4 d5 28. Ba2 Rdf8 29. Qb3 c4 30. Qb4 Bxb6 31. axb6 Bf7 32. Qc3 Rxb6 33. f5 Rxb2 34. Bb1 Qb4 35. Qf6 Qd2 36. Rg1 gxf5 37. Rd1 Qb4 38. Qxf5 Qb6 39. Rdf1 Qg6 40. Qe5 Qg7 41. Qd6 a5 42. Rf4 c3 43. h3 h5 44. g4 h4 45. g5 c2 46. Bxc2 Rxc2 47. g6 Rc1 48. Rxc1 Bxg6 49. Rxf8+ Qxf8 50. Qxg6+ Kh8 51. Qh5+ 1-0

[Event "Aslo ASKO CC-ch Group-A"]
[Site "Oslo"]
[Date "2009.02.24"]
[Round "2"]
[White "Hole, Oystein"]
[Black "Hjelle, Oyvind"]
[Result "1-0"]
[WhiteElo "2401"]
[BlackElo "1412"]
[PlyCount "49"]
[EventDate "2009.02.10"]
[EventType "tourn"]
[EventRounds "9"]
[EventCountry "NOR"]
[SourceTitle "EXT 2011"]
[Source "ChessBase"]
[SourceDate "2010.11.26"]
[SourceVersion "1"]
[SourceVersionDate "2010.11.26"]
[SourceQuality "1"]

1. Nf3 Nf6 2. c4 c5 3. Nc3 Nc6 4. g3 e6 5. Bg2 Be7 6. 0-0 b6 7. d4 cxd4 8. Nxd4 Bb7 9. e4 Nxd4 10. Qxd4 Bc5 11. Qd3 Ng4 12. Bf4 e5 13. Bd2 0-0 14. h3 Nf6 15. Rad1 Bc6 16. Ne2 Qe7 17. g4 Rad8 18. Ng3 g6 19. Kh1 Ne8 20. f4 exf4 21. Bxf4 d6 22. Qc3 g5 23. Nf5 Qf6 24. Qxf6 Nxf6 25. Ne7+ 1-0

[Event "Aslo ASKO CC-ch Group-B"]
[Site "Oslo"]
[Date "2006.04.04"]
[Round "6"]
[White "Hjelle, Oyvind"]
[Black "Falsen, Ivan"]
[Result "1-0"]
[WhiteElo "1365"]
[BlackElo "1353"]
[PlyCount "79"]
[EventDate "2006.02.07"]
[EventType "tourn"]
[EventRounds "9"]
[EventCountry "NOR"]
[SourceTitle "EXT 2008"]
[Source "ChessBase"]
[SourceDate "2007.11.25"]
[SourceVersion "1"]
[SourceVersionDate "2007.11.25"]
[SourceQuality "1"]

1. e4 d5 2. exd5 Qxd5 3. Nc3 Qd8 4. d4 g6 5. Nf3 Nh6 6. Bc4 Nf5 7. 0-0 Bg7 8. Be3 0-0 9. Qd2 b6 10. Rad1 Ba6 11. Bxa6 Nxa6 12. a3 Rc8 13. Ne2 c5 14. c3 Nd6 15. Bh6 Nc4 16. Qc1 Nd6 17. Rfe1 Nf5 18. Bxg7 Kxg7 19. dxc5 Qc7 20. cxb6 Qxb6 21. Ned4 Nxd4 22. Rxd4 Nc5 23. Rh4 h5 24. Rxe7 Nd3 25. Qc2 Qxb2 26. Qxd3 Rfd8 27. Qe3 Rxc3 28. Qe5+ Kf8 29. Rxf7+ Kxf7 30. Ng5+ Kg8 31. Qe6+ Kg7 32. Qe7+ Kh6 33. Nf7+ Kg7 34. Nxd8+ Kg8 35. Qe8+ Kg7 36. Ne6+ Kf6 37. Rf4+ Ke5 38. h3 Rc1+ 39. Kh2 Qb6 40. Qxg6 1-0

[Event "Aslo ASKO CC-ch Group-B"]
[Site "Oslo"]
[Date "2006.02.07"]
[Round "1"]
[White "Hjelle, Oyvind"]
[Black "Olsen, Andrei"]
[Result "0-1"]
[WhiteElo "1365"]
[BlackElo "1433"]
[PlyCount "92"]
[EventDate "2006.02.07"]
[EventType "tourn"]
[EventRounds "9"]
[EventCountry "NOR"]
[SourceTitle "EXT 2008"]
[Source "ChessBase"]
[SourceDate "2007.11.25"]
[SourceVersion "1"]
[SourceVersionDate "2007.11.25"]
[SourceQuality "1"]

1. e4 e5 2. Nf3 Nc6 3. Bb5 a6 4. Ba4 Nf6 5. 0-0 d6 6. Re1 Bd7 7. c3 Be7 8. d4 b5 9. Bc2 0-0 10. Nbd2 Re8 11. Nf1 Bf8 12. Bg5 h6 13. Bh4 g5 14. Bg3 Bg7 15. Ne3 exd4 16. Nxd4 Nxd4 17. cxd4 Nxe4 18. Qd3 Nf6 19. f4 Ne4 20. Rad1 c6 21. Rf1 d5 22. Rf3 g4 23. Rff1 f5 24. Bb3 Kh7 25. Rc1 h5 26. Bf2 h4 27. g3 hxg3 28. Bxg3 Kg6 29. Rc2 Qb6 30. Rd1 Rh8 31. Ng2 Bf6 32. Re2 Rae8 33. Re3 Re7 34. Be1 Reh7 35. Bg3 Rh3 36. Ne1 R8h5 37. Re2 Qd8 38. Rg2 Qh8 39. Rc1 Bh4 40. Nf3 Bf6 41. Ne5+ Bxe5 42. dxe5 Rxg3 43. Rxg3 Rxh2 44. Qf3 Kf7 45. Qg2 Rxg2+ 46. Rxg2 Qh3 0-1

[Event "Oslo ASKO Hostturnering"]
[Site "Oslo"]
[Date "2005.11.29"]
[Round "7"]
[White "Falsen, Ivan"]
[Black "Hjelle, Oyvind"]
[Result "1-0"]
[WhiteElo "1321"]
[BlackElo "1336"]
[PlyCount "53"]
[EventDate "2005.09.06"]
[EventType "swiss"]
[EventRounds "7"]
[EventCountry "NOR"]
[SourceTitle "EXT 2009"]
[Source "ChessBase"]
[SourceDate "2008.11.26"]
[SourceVersion "1"]
[SourceVersionDate "2008.11.26"]
[SourceQuality "1"]

1. e4 c5 2. d4 cxd4 3. c3 dxc3 4. Nxc3 e6 5. Nf3 Nc6 6. Bc4 Be7 7. Bf4 a6 8. 0-0 Nf6 9. Qe2 0-0 10. Rfd1 b5 11. Bb3 h6 12. e5 Nh7 13. Ne4 Re8 14. Rac1 Na5 15. Bc2 f5 16. exf6 Bxf6 17. Nd6 Nf8 18. Nxe8 Qxe8 19. Be5 Qf7 20. Be4 d5 21. Rc7 Bd7 22. Bb1 Bd8 23. Rc3 Nc6 24. Qc2 Ne7 25. Bd6 Nfg6 26. Bxe7 Nxe7 27. Ne5 1-0

[Event "Oslo ASKO Hostturnering"]
[Site "Oslo"]
[Date "2005.10.04"]
[Round "3"]
[White "Roholdt, Njaal"]
[Black "Hjelle, Oyvind"]
[Result "0-1"]
[WhiteElo "1220"]
[BlackElo "1336"]
[PlyCount "121"]
[EventDate "2005.09.06"]
[EventType "swiss"]
[EventRounds "7"]
[EventCountry "NOR"]
[SourceTitle "EXT 2009"]
[Source "ChessBase"]
[SourceDate "2008.11.26"]
[SourceVersion "1"]
[SourceVersionDate "2008.11.26"]
[SourceQuality "1"]

1. e4 c5 2. Nf3 e6 3. d4 cxd4 4. Nxd4 a6 5. Nc3 Qc7 6. a3 Nf6 7. Bd3 b5 8. 0-0 Bb7 9. Bg5 Be7 10. Kh1 d6 11. f4 Nbd7 12. Qf3 Nc5 13. Bxf6 Bxf6 14. Nce2 0-0 15. Rac1 Qb6 16. c3 Rac8 17. Bb1 g6 18. b4 Nd7 19. Qh3 Bg7 20. f5 e5 21. Nf3 Nf6 22. Ng3 Qe3 23. fxg6 fxg6 24. Qe6+ Kh8 25. Rce1 Qxc3 26. Qxd6 Ng4 27. Qb6 Qc6 28. Qg1 Qe8 29. h3 Nf6 30. Qe3 Rc7 31. Ba2 Bc8 32. Ng5 h6 33. Nf3 Qe7 34. Nh4 Kh7 35. Qe2 Rc3 36. Rf3 Rc6 37. Ref1 Bd7 38. Qb2 Rfc8 39. R3f2 Ng4 40. Rf7 Qxh4 41. Kg1 Rf6 42. hxg4 Rxf1+ 43. Nxf1 Be8 44. Ra7 Qf6 45. Ne3 Qb6 46. Rxg7+ Kxg7 47. Qxe5+ Qf6 48. Qd5 Rc1+ 49. Nd1 Bf7 50. Qd2 Rc7 51. Bb1 Be6 52. Ne3 Qc3 53. Qf2 Qc1+ 54. Qf1 Qxe3+ 55. Kh2 Rf7 56. Qd1 Qf4+ 57. Kg1 Bxg4 58. Qd4+ Kh7 59. Ba2 Rd7 60. Bd5 Rc7 61. Qb6 0-1

[Event "Oslo ASKO Hostturnering"]
[Site "Oslo"]
[Date "2005.09.06"]
[Round "1"]
[White "Mellem, Nicolas Axel"]
[Black "Hjelle, Oyvind"]
[Result "1-0"]
[WhiteElo "2046"]
[BlackElo "1336"]
[PlyCount "117"]
[EventDate "2005.09.06"]
[EventType "swiss"]
[EventRounds "7"]
[EventCountry "NOR"]
[SourceTitle "EXT 2009"]
[Source "ChessBase"]
[SourceDate "2008.11.26"]
[SourceVersion "1"]
[SourceVersionDate "2008.11.26"]
[SourceQuality "1"]

1. e4 c5 2. Nc3 e6 3. Nf3 Nc6 4. d4 cxd4 5. Nxd4 a6 6. Nxc6 bxc6 7. e5 Bb7 8. Bc4 d5 9. exd6 Qxd6 10. Qf3 Nf6 11. 0-0 Qc5 12. Bb3 Be7 13. Be3 Qh5 14. Qg3 Rc8 15. Rad1 0-0 16. Bd4 c5 17. Be5 Rfd8 18. Bc4 Ng4 19. Rxd8+ Rxd8 20. Bc7 Rd7 21. h3 Nh6 22. Be2 Qf5 23. Bd3 Qg5 24. Qxg5 Bxg5 25. Bb6 Be7 26. Rd1 Nf5 27. Bxf5 Rxd1+ 28. Nxd1 exf5 29. c4 f6 30. Nc3 Bc6 31. Kf1 Kf7 32. f3 Ke6 33. Kf2 Ke5 34. Ne2 g5 35. Bc7+ Ke6 36. f4 h6 37. Bb6 Bd6 38. g3 Be4 39. Ke3 Bg2 40. h4 Be4 41. Nc1 Bc6 42. Nb3 Kf7 43. Bxc5 Bc7 44. Nd4 Be4 45. h5 Bb8 46. a4 Bc7 47. b4 Bd8 48. a5 Ke8 49. Bb6 Be7 50. b5 axb5 51. cxb5 Kd7 52. Nb3 Kc8 53. Bc5 Bd8 54. a6 Kb8 55. b6 Bxb6 56. Bxb6 Bc6 57. Nc5 Bb5 58. a7+ Ka8 59. Ne6 1-0